Globalización, desarrollo y democracia: Chile en el contexto mundial

Wedi'i Gadw mewn:
Manylion Llyfryddiaeth
Prif Awdur: Castells, Manuel (autor)
Fformat: Llyfr
Iaith:Sbaeneg
Cyhoeddwyd: Santiago Fondo de Cultura Económica 2005
Rhifyn:1a. ed
Cyfres:Sociología
Pynciau:
Tagiau: Ychwanegu Tag
Dim Tagiau, Byddwch y cyntaf i dagio'r cofnod hwn!

MARC

LEADER 00000cam a2200000 a 4500
001 UCK5242
003 CL-VaPUC
008 050715e20050000CL |||||||||||||||||spa|d
020 |a 956289049X 
082 0 4 |a 330.983  |b CAS  |2 21 
100 |a Castells, Manuel  |e autor  |9 489680 
245 1 0 |a Globalización, desarrollo y democracia: Chile en el contexto mundial 
250 |a 1a. ed 
300 |a 164 p 
942 |c BK 
945 |d 20050715 00:00:00  |a jcarroza 
260 |a Santiago  |b Fondo de Cultura Económica  |c 2005 
650 0 |a Globalización  |9 361930 
650 0 |a Democracia  |9 255256 
650 0 |a Desarrollo económico  |9 259599 
651 7 |a CHILE  |2 CL-VaPUC  |9 493997 
583 |a last modification  |c 20160616 01:27:14  |k Rodrigo Vera 
490 0 |a Sociología 
999 |c 313874  |d 313872 
952 |0 0  |1 0  |4 0  |6 330_983000000000000_CAS_2005  |7 0  |8 A  |9 385617  |a BIBHIS  |b BIBHIS  |d 2019-11-22  |i 4145135  |o 330.983 CAS 2005  |p 4145135  |r 2025-01-20  |w 2019-11-22  |y BK  |k HIS 
952 |0 0  |1 0  |4 0  |6 330_983000000000000_CAS_2005  |7 0  |8 R  |9 385618  |a BIBGIM  |b BIBGIM  |d 2019-11-22  |i 4147855  |o 330.983 CAS 2005  |p 4147855  |r 2025-01-15  |w 2019-11-22  |y BK_R  |k SSL 
952 |0 0  |1 0  |4 0  |6 330_983000000000000_CAS_2005  |7 0  |8 A  |9 385619  |a BIBHIS  |b BIBHIS  |d 2019-11-22  |i 4173015  |o 330.983 CAS 2005  |p 4173015  |r 2025-01-20  |w 2019-11-22  |y BK  |k HIS 
952 |0 0  |1 0  |4 0  |6 330_983000000000000_CAS_2005  |7 0  |8 A  |9 385620  |a BIBCUR  |b BIBCUR  |d 2019-11-22  |i 4193377  |o 330.983 CAS 2005  |p 4193377  |r 2025-04-22  |w 2019-11-22  |y BK  |k MGC 
952 |0 0  |1 0  |4 0  |6 330_983000000000000_CAS_2005  |7 0  |8 A  |9 385621  |a BIBEDU  |b BIBEDU  |d 2019-11-22  |i 4221737  |o 330.983 CAS 2005  |p 4221737  |r 2019-11-22  |w 2019-11-22  |y BK  |k PSI 
952 |0 0  |1 0  |4 0  |6 330_983000000000000_CAS_2005  |7 0  |8 R  |9 385622  |a BIBGIM  |b BIBGIM  |d 2019-11-22  |i 4289404  |o 330.983 CAS 2005  |p 4289404  |r 2025-01-15  |w 2019-11-22  |y BK_R  |k SSL 
952 |0 0  |1 0  |4 0  |6 330_983000000000000_CAS_2005  |7 0  |8 A  |9 385623  |a BIBEDU  |b BIBEDU  |d 2019-11-22  |i 4308255  |o 330.983 CAS 2005  |p 4308255  |r 2019-11-22  |w 2019-11-22  |y BK  |k EBA 
952 |0 0  |1 0  |4 0  |6 330_983000000000000_CAS_2005  |7 0  |8 A  |9 385624  |a BIBHIS  |b BIBHIS  |d 2019-11-22  |i 4572750  |o 330.983 CAS 2005  |p 4572750  |r 2025-01-20  |w 2019-11-22  |y BK  |k HIS 
952 |0 0  |1 0  |3 erb  |4 0  |6 330_983000000000000_CAS_2005  |7 0  |8 A  |9 385625  |a FDOHBE  |b FDOHBE  |e Huesbe Llanos, Marco Antonio, 1934-  |i 5330394  |o 330.983 CAS 2005  |p 5330394  |r 2024-01-30  |w 2019-11-22  |y BK  |z Catalogado en:20160616  |k HBE